000 00481nam a2200169Ia 4500
008 220204s9999 xx 000 0 und d
020 _a8171883508
082 _a338.26(540)(047)
_bIND
245 0 _aIndia vision 2020 : The report plus background papers
260 _aNew Delhi
_bAcademic-foundation
_c2004
650 _aFood security
650 _aGlobalisation
650 _aHuman development
650 _aIndian agricultural policy
650 _aWater policy
942 _cBK
999 _c42226
_d42226